Landlord and tenant repairs (Record no. 68953)

MARC details
000 -LEADER
fixed length control field 01167cam a2200229 4500
001 - CONTROL NUMBER
control field WB3745-17
008 - FIXED-LENGTH DATA ELEMENTS--GENERAL INFORMATION
fixed length control field 011127n2001 000 0 eng u
035 ## - SYSTEM CONTROL NUMBER
System control number (Sirsi) u115767
245 ## - TITLE STATEMENT
Title Landlord and tenant repairs
260 ## - PUBLICATION, DISTRIBUTION, ETC.
Date of publication, distribution, etc. 2001
490 ## - SERIES STATEMENT
Series statement Estates Gazette
Volume/sequential designation [2001] 47 EG 145 (CS) (24/12/01)
520 ## - SUMMARY, ETC.
Summary, etc. "Southwark LBC v McIntosh", ChD 9 November 2001, which examined whether a landlord was responsible for repairs after failing to respond for 5 years to the tenant's complaints.The tenant(M) had caused the problem by misusing a cupboard but had not been advised by the landlord(S) regarding the use of the cupboard. M was awarded £7,500 damages. HC allowed S's appeal on the grounds that there was no pleaded duty to advise on the proper use of the cupboard and that the alleged failure by the council to investigate had no bearing on the issue of causation.
590 ## - LOCAL NOTE (RLIN)
Local note WB
650 ## - SUBJECT ADDED ENTRY--TOPICAL TERM
Topical term or geographic name entry element LANDLORD AND TENANT ACT 1985 S11
650 ## - SUBJECT ADDED ENTRY--TOPICAL TERM
Topical term or geographic name entry element REPAIRS
650 ## - SUBJECT ADDED ENTRY--TOPICAL TERM
Topical term or geographic name entry element SOUTHWARK LBC V MCINTOSH
650 ## - SUBJECT ADDED ENTRY--TOPICAL TERM
Topical term or geographic name entry element CAUSATION
650 ## - SUBJECT ADDED ENTRY--TOPICAL TERM
Topical term or geographic name entry element BREACH OF COVENANT
650 ## - SUBJECT ADDED ENTRY--TOPICAL TERM
Topical term or geographic name entry element DAMP
690 ## - LOCAL SUBJECT ADDED ENTRY--TOPICAL TERM (OCLC, RLIN)
Topical term or geographic name as entry element LANDLORD AND TENANT-RESIDENTIAL TENANCIES-CASE LAW
942 ## - ADDED ENTRY ELEMENTS (KOHA)
Suppress in OPAC 0
Holdings
Withdrawn status Lost status Source of classification or shelving scheme Damaged status Not for loan Home library Current library Shelving location Date acquired Total Checkouts Full call number Barcode Date last seen Copy number Price effective from Koha item type
    Dewey Decimal Classification     London London News article 27/11/2001   WB3745-17 115767-1001 06/08/2019 1 06/08/2019 News article